[Event "AUTO-MASTER-1280"]
[Site "http://www.queenalice.com/game.php?id=863800"]
[Date "2010.11.26"]
[Round "1"]
[White "djpiu2"]
[Black "LAIRE"]
[Result "1-0"]
[WhiteElo "2150"]
[BlackElo "1965"]

1. d4 e6 2. c4 f5 3. Nc3 Nf6 4. g3 Bb4 5. Bd2 O-O 6. Bg2 c6 7. a3 Bxc3 8. Bxc3
d5 9. cxd5 exd5 10. Bb4 Re8 11. Nf3 Nbd7 12. O-O Ne4 13. Qc2 a5 14. Bc3 Qc7 15.
Bd2 Ndf6 16. Bf4 Qe7 17. Ne5 Nd6 18. Rfd1 g5 19. Bxg5 Nf7 20. Nxf7 Qxf7 21. Bf4
Re7 22. Rd3 Bd7 23. Rb3 Rae8 24. Rxb7 Rxe2 25. Qd3 Re1+ 26. Rxe1 Rxe1+ 27. Bf1
1-0

[Event "AUTO-MASTER-1280"]
[Site "http://www.queenalice.com/game.php?id=863801"]
[Date "2010.11.26"]
[Round "1"]
[White "LAIRE"]
[Black "djpiu2"]
[Result "0-1"]
[WhiteElo "1956"]
[BlackElo "2156"]

1. d4 c6 2. c4 d5 3. Nf3 Bf5 4. cxd5 cxd5 5. Nc3 h6 6. Qb3 Nc6 7. Qxd5 Qxd5 8.
Nxd5 O-O-O 9. Ne3 Be4 10. d5 Bxd5 11. Nxd5 Rxd5 12. e4 Rd7 13. Bb5 e6 14. Bxc6
bxc6 15. Ne5 Rc7 16. Be3 Bd6 17. Nd3 Rb7 18. O-O-O Bc7 19. Nc5 Rb4 20. Rd4 Rxd4
21. Bxd4 Nf6 22. Bxf6 gxf6 23. Rd1 Bb6 24. Nd3 Rd8 25. f3 h5 26. g3 h4 27. Nb4
Rg8 28. gxh4 Kc7 29. Kc2 Rg2+ 0-1

[Event "AUTO-MASTER-1318"]
[Site "http://www.queenalice.com/game.php?id=884341"]
[Date "2011.1.11"]
[Round "1"]
[White "gmvilela"]
[Black "djpiu2"]
[Result "0-1"]
[WhiteElo "2147"]
[BlackElo "2197"]

1. e4 c6 2. d4 d5 3. exd5 cxd5 4. c4 dxc4 5. Bxc4 a6 6. Nc3 e6 7. a3 Nf6 8. Nf3
Be7 9. O-O O-O 10. Bb3 Bd6 11. Bc2 Nbd7 12. Re1 Nb6 13. Qd3 g6 14. Bg5 Be7 15.
Ne5 Nfd5 16. Bh6 Re8 17. Ne4 Nd7 18. Bb3 a5 19. Qf3 f5 20. Nc3 Nxe5 21. Rxe5
Nxc3 22. bxc3 Bd6 23. Re3 Qh4 24. Qh3 Qxh3 25. Rxh3 a4 26. Bc4 Bd7 27. Bc1 Rac8
28. Ba2 b5 29. Bb2 Bc6 30. Re1 Bd5 31. Bb1 e5 32. dxe5 Rxe5 33. Rhe3 Rxe3 34.
Rxe3 Bc5 35. Re1 Rd8 0-1

[Event "AUTO-MASTER-1318"]
[Site "http://www.queenalice.com/game.php?id=884342"]
[Date "2011.1.11"]
[Round "1"]
[White "djpiu2"]
[Black "gmvilela"]
[Result "1-0"]
[WhiteElo "2180"]
[BlackElo "2208"]

1. d4 d5 2. c4 c6 3. e3 Nf6 4. Nc3 a6 5. Bd3 b5 6. cxd5 cxd5 7. Nge2 Bb7 8. O-O
Nbd7 9. Nf4 e6 10. Bd2 Bd6 11. Nh5 O-O 12. Nxf6+ Nxf6 13. Re1 Bc7 14. g3 h5 15.
Rc1 h4 16. Qf3 e5 17. e4 exd4 18. Nxd5 Nxd5 19. exd5 Bxd5 20. Qh5 g6 21. Bxg6
fxg6 22. Qxg6+ Kh8 23. Qh5+ Kg8 24. Rc5 1-0

[Event "AUTO-MASTER-1318"]
[Site "http://www.queenalice.com/game.php?id=884357"]
[Date "2011.1.11"]
[Round "1"]
[White "clovis"]
[Black "djpiu2"]
[Result "0-1"]
[WhiteElo "2027"]
[BlackElo "2193"]

1. e4 c6 2. d4 d5 3. exd5 cxd5 4. c4 dxc4 5. Nc3 Bf5 6. Bxc4 Nf6 7. Nf3 h6 8.
O-O a6 9. Ne5 e6 10. Qf3 Qc7 11. Re1 Bb4 12. Qxf5 exf5 13. Nc6+ Kf8 14. Nxb4
Nbd7 15. Bb3 Re8 16. Bd2 Qb6 17. Ncd5 Qxd4 18. Bc3 Qh4 19. Nxf6 Nxf6 20. Nd5
Rxe1+ 21. Rxe1 Ng4 22. Bb4+ Kg8 23. Ne7+ Kh7 24. Bxf7 Qxf2+ 25. Kh1 Ne5 26. h3
Nxf7 0-1

[Event "AUTO-MASTER-1318"]
[Site "http://www.queenalice.com/game.php?id=884358"]
[Date "2011.1.11"]
[Round "1"]
[White "djpiu2"]
[Black "clovis"]
[Result "1/2-1/2"]
[WhiteElo "2202"]
[BlackElo "2037"]

1. d4 d5 2. c4 c6 3. e3 e6 4. Nc3 Nf6 5. Bd3 Nbd7 6. Nge2 dxc4 7. Bxc4 Bd6 8.
O-O O-O 9. Qc2 e5 10. dxe5 Nxe5 11. Bb3 Nfg4 12. Ne4 Qh4 13. h3 Nf3+ 14. Kh1
Ngh2 15. Nxd6 Bxh3 16. Qe4 Nxf1 17. Qxh4 Nxh4 18. gxh3 Nf3 19. Kg2 N1d2 20.
Bxf7+ Rxf7 21. Nxf7 Kxf7 22. Bxd2 Nxd2 23. Rc1 Ne4 24. f3 Nf6 25. Rd1 Re8 26. e4
Re7 27. Kf2 Rd7 28. Rxd7+ Nxd7 29. f4 Kf6 30. Kf3 c5 31. Nc3 a6 32. e5+ Nxe5+
33. fxe5+ Kxe5 34. Ne4 Kd4 35. Nd6 b5 36. Kf4 c4 37. Ne8 a5 38. Nxg7 b4 39. Ne6+
Kd3 40. Nc5+ Kc2 41. Na4 Kb1 42. Ke4 Kxa2 43. Kd4 Kb3 44. Nc5+ Kxb2 45. Kxc4 Kc2
46. h4 Kd2 47. h5 Ke3 48. Kb5 Kf4 49. Kxa5 Kg5 50. Kxb4 Kxh5 51. Ne4 Kh4 1/2-1/2

[Event "AUTO-MASTER-1318"]
[Site "http://www.queenalice.com/game.php?id=884369"]
[Date "2011.1.11"]
[Round "1"]
[White "djpiu2"]
[Black "DORLISS"]
[Result "1-0"]
[WhiteElo "2184"]
[BlackElo "1896"]

1. d4 Nf6 2. c4 g6 3. Nc3 Bg7 4. e4 d6 5. Bd3 O-O 6. Nge2 Nbd7 7. O-O e5 8. dxe5
Nxe5 9. h3 Nxd3 10. Qxd3 Qe7 11. b3 Re8 12. Bb2 Bd7 13. Rfe1 Bc6 14. Ng3 Nd7 15.
Nd5 Bxd5 16. Bxg7 Kxg7 17. Qc3+ Qf6 18. Qxf6+ Nxf6 19. exd5 Nd7 20. Ne2 Nf6 21.
Nd4 Re4 22. Nb5 c6 23. dxc6 bxc6 24. Nxd6 Rd4 25. Rad1 Rxd1 26. Rxd1 a5 27. Nb7
a4 28. Nc5 axb3 29. axb3 Ra2 30. Rd6 Ra5 31. b4 Ra1+ 32. Kh2 Rc1 33. Rxc6 Rxc4
34. Ne6+ fxe6 35. Rxc4 Kf7 36. b5 Nd5 37. Rc1 Ke7 38. Rb1 Nb6 39. Rc1 Kd6 40.
Rc6+ Ke7 41. Rxb6 Kd7 42. Rc6 e5 43. Rc1 1-0

[Event "AUTO-MASTER-1318"]
[Site "http://www.queenalice.com/game.php?id=884370"]
[Date "2011.1.11"]
[Round "1"]
[White "DORLISS"]
[Black "djpiu2"]
[Result "1-0"]
[WhiteElo "1856"]
[BlackElo "2207"]

1. e4 c6 2. Nf3 d5 3. exd5 cxd5 4. d4 Bf5 5. Nc3 h6 6. Nh4 Bh7 7. Be3 e6 8. Nf3
Nf6 9. Bd3 Bb4 10. Qd2 O-O 11. O-O-O Bxd3 12. Qxd3 Nc6 13. g4 Qa5 14. g5 hxg5
15. Bxg5 Bxc3 16. bxc3 Ne4 17. Kb2 Nxf2 18. Qe3 Qb5+ 19. Ka1 Nxd1 20. Rxd1 Na5
21. Rg1 Nc4 22. Qc1 Qa5 23. Qe1 f6 24. Bh6 Rf7 25. Nh4 Rd8 26. Qg3 g5 27. Bxg5
Rg7 28. Qh3 Rxg5 29. Qxe6+ Kg7 30. Rxg5+ fxg5 31. Nf5+ Kh7 32. Qf7+ Kh8 33. Qg7#
1-0

[Event "Challenge"]
[Site "http://www.queenalice.com/game.php?id=898806"]
[Date "2011.2.11"]
[Round "-"]
[White "djpiu2"]
[Black "Gabrisco"]
[Result "0-1"]
[WhiteElo "2187"]
[BlackElo "2070"]

1. d4 Nf6 2. Nf3 d5 3. c4 e6 4. Bg5 Be7 5. e3 O-O 6. Bd3 h6 7. Bxf6 Bxf6 8. O-O
c5 9. Nc3 cxd4 10. Nxd4 Nc6 11. Nxc6 bxc6 12. cxd5 cxd5 13. Rc1 Rb8 14. b3 Bd7
15. Bb1 Qa5 16. Qd3 g6 17. Rfd1 Rfc8 18. e4 Bxc3 19. exd5 e5 20. h4 Bg4 21. f3
Bd4+ 22. Kh1 Rxc1 23. Rxc1 Rc8 24. Rxc8+ Bxc8 25. Qc4 Qe1+ 26. Kh2 Qxh4# 0-1

[Event "AUTO-MASTER-1390"]
[Site "http://www.queenalice.com/game.php?id=926931"]
[Date "2011.4.17"]
[Round "1"]
[White "LOMBARDY"]
[Black "djpiu2"]
[Result "1-0"]
[WhiteElo "2134"]
[BlackElo "2012"]

1. d4 d5 2. c4 c6 3. Nf3 Bf5 4. e3 h6 5. Qb3 b6 6. Nc3 e6 7. Be2 Nf6 8. Bd2 Be7
9. Ne5 Qc7 10. Rc1 dxc4 11. Qxc4 c5 12. Bf3 Nfd7 13. Bxa8 Nxe5 14. dxe5 Qxe5 15.
Qb5+ Kf8 16. O-O Qd6 17. Rfd1 Bd3 18. Qa4 f6 19. Be1 a6 20. Be4 b5 21. Rxd3 bxa4
22. Rxd6 Bxd6 23. Nxa4 Kf7 24. Nb6 Rd8 25. Ba5 Bc7 26. Nc4 Bxa5 27. Nxa5 Ke7 28.
h4 f5 29. Bf3 Rd2 30. Rxc5 1-0

[Event "AUTO-MASTER-1390"]
[Site "http://www.queenalice.com/game.php?id=926932"]
[Date "2011.4.17"]
[Round "1"]
[White "djpiu2"]
[Black "LOMBARDY"]
[Result "0-1"]
[WhiteElo "2139"]
[BlackElo "2164"]

1. d4 Nf6 2. c4 g6 3. Nc3 Bg7 4. Bf4 d6 5. e3 O-O 6. Nge2 a5 7. Na4 Bd7 8. g3
Nc6 9. c5 Nb4 10. Nac3 Bf5 11. Kd2 dxc5 12. Be5 cxd4 13. exd4 c5 14. Bg2 Nd3 15.
Qf1 Nxe5 16. Ke3 Nc4+ 17. Kf4 Bh6+ 18. Kf3 Qd5+ 0-1

[Event "AUTO-MASTER-1390"]
[Site "http://www.queenalice.com/game.php?id=926949"]
[Date "2011.4.17"]
[Round "1"]
[White "djpiu2"]
[Black "goldaric"]
[Result "1-0"]
[WhiteElo "2115"]
[BlackElo "1962"]

1. d4 Nc6 2. c4 d5 3. Bf4 Nf6 4. e3 Bf5 5. Nc3 e6 6. Nf3 Be7 7. Bd3 Bxd3 8. Qxd3
dxc4 9. Qxc4 a6 10. O-O O-O 11. Rfd1 Nd5 12. Nxd5 exd5 13. Qb3 Rb8 14. Rac1 Qd7
15. Ne5 Nxe5 16. Bxe5 Bd6 17. Bxd6 Qxd6 18. Rc3 c6 19. Rdc1 Rfe8 20. g3 g6 21.
Qa3 Qf6 22. b4 Qf3 23. Qa5 h5 24. Qc5 g5 25. Re1 Re4 26. Qa7 Rbe8 27. Qxb7 h4
28. Qxa6 h3 29. Qf1 Rxd4 30. exd4 Qxc3 31. Rxe8+ 1-0

[Event "AUTO-MASTER-1390"]
[Site "http://www.queenalice.com/game.php?id=926950"]
[Date "2011.4.17"]
[Round "1"]
[White "goldaric"]
[Black "djpiu2"]
[Result "0-1"]
[WhiteElo "1913"]
[BlackElo "2142"]

1. d4 c6 2. c4 d5 3. Nc3 e6 4. Bf4 Nf6 5. a3 Nbd7 6. Nf3 dxc4 7. e4 b5 8. Be2 a5
9. d5 exd5 10. exd5 Nxd5 11. Rc1 Nxf4 12. O-O Be7 13. Re1 O-O 14. Bf1 Bb7 15.
Ne4 Nc5 16. Qxd8 Raxd8 17. Nxc5 Bxc5 18. Rcd1 Nd3 19. Re2 Bc8 20. Red2 Bxf2+ 21.
Kh1 Be3 22. Rc2 Nf2+ 0-1

[Event "AUTO-MASTER-1390"]
[Site "http://www.queenalice.com/game.php?id=926951"]
[Date "2011.4.17"]
[Round "1"]
[White "djpiu2"]
[Black "al93oliveira"]
[Result "0-1"]
[WhiteElo "2102"]
[BlackElo "2041"]

1. d4 d5 2. c4 e6 3. e3 Nf6 4. Nc3 Bb4 5. Bd2 O-O 6. a3 Be7 7. Nf3 c5 8. cxd5
cxd4 9. Nxd4 Nxd5 10. g3 b6 11. Bg2 Bb7 12. Nxd5 Bxd5 13. Bxd5 Qxd5 14. Qf3 Qxf3
15. Nxf3 Bf6 16. Rb1 Nd7 0-1

[Event "AUTO-MASTER-1390"]
[Site "http://www.queenalice.com/game.php?id=926952"]
[Date "2011.4.17"]
[Round "1"]
[White "al93oliveira"]
[Black "djpiu2"]
[Result "1-0"]
[WhiteElo "2059"]
[BlackElo "2084"]

1. e4 c6 2. d4 d5 3. Nc3 e6 4. Bd3 dxe4 5. Nxe4 Nf6 6. Nf3 Nxe4 7. Bxe4 Be7 8.
O-O O-O 9. c3 g6 10. Bh6 Re8 11. Qd2 Bf8 12. Bxf8 Rxf8 13. Qh6 Nd7 14. Ne5 Qf6
15. Ng4 1-0

[Event "AUTO-MASTER-1318"]
[Site "http://www.queenalice.com/game.php?id=927179"]
[Date "2011.4.18"]
[Round "2"]
[White "djpiu2"]
[Black "crashdummy"]
[Result "0-1"]
[WhiteElo "2147"]
[BlackElo "2268"]

1. d4 Nf6 2. c4 e6 3. Bg5 h6 4. Bxf6 Qxf6 5. e3 Bb4+ 6. Nd2 c5 7. Nf3 b6 8. Be2
Bb7 9. O-O cxd4 10. Nxd4 Nc6 11. N2f3 O-O 12. Nxc6 dxc6 13. b3 Rad8 14. Qc2 Rd7
15. Rad1 Rfd8 16. Rxd7 Rxd7 17. Ne1 Rd2 18. Qe4 Rxe2 19. Nd3 Bd6 20. c5 bxc5 21.
Qa4 a6 22. b4 cxb4 23. Nxb4 Qh4 24. g3 Qxb4 25. Qxb4 Bxb4 0-1

[Event "AUTO-MASTER-1318"]
[Site "http://www.queenalice.com/game.php?id=927180"]
[Date "2011.4.18"]
[Round "2"]
[White "crashdummy"]
[Black "djpiu2"]
[Result "1-0"]
[WhiteElo "2280"]
[BlackElo "2067"]

1. e4 c6 2. d4 d5 3. exd5 cxd5 4. c4 dxc4 5. Bxc4 e6 6. Nf3 a6 7. Nc3 Bb4 8. O-O
Nf6 9. Bg5 O-O 10. a3 Bxc3 11. bxc3 Nbd7 12. Bd3 Qc7 13. Qc2 h6 14. Bh4 g6 15.
Bxg6 b5 16. Bg3 Qb6 17. Bd3 Bb7 18. Ne5 Rac8 19. Qd2 Nxe5 20. Bxe5 Ng4 21. Rae1
Qc6 22. f3 Nxe5 23. Rxe5 Qxc3 24. Rg5+ Kh8 25. Qf4 f6 26. Rg6 Rf7 27. Rxf6 Rxf6
28. Qxf6+ Kg8 29. Qxe6+ Kf8 30. Qxh6+ Ke7 31. Qg7+ Kd6 32. Bf5 Qe3+ 33. Kh1 Rc7
34. Qf6+ Kd5 35. Qb6 Qe7 36. Be4+ Kc4 37. Rc1+ 1-0

[Event "AUTO-MASTER-1318"]
[Site "http://www.queenalice.com/game.php?id=927181"]
[Date "2011.4.18"]
[Round "2"]
[White "djpiu2"]
[Black "tupi_guarani"]
[Result "0-1"]
[WhiteElo "2146"]
[BlackElo "2466"]

1. d4 d5 2. c4 Nf6 3. Bg5 Ne4 4. Bf4 e5 5. dxe5 Bc5 6. e3 Bb4+ 7. Ke2 Qh4 8. g3
Qh5+ 9. f3 g5 10. Qa4+ Nc6 11. Kd3 Nc5+ 0-1

[Event "AUTO-MASTER-1318"]
[Site "http://www.queenalice.com/game.php?id=927182"]
[Date "2011.4.18"]
[Round "2"]
[White "tupi_guarani"]
[Black "djpiu2"]
[Result "1-0"]
[WhiteElo "2485"]
[BlackElo "2144"]

1. d4 d5 2. c4 c6 3. Nf3 Bf5 4. Nc3 h6 5. cxd5 cxd5 6. Qb3 Qd7 7. e4 dxe4 8. Ne5
Be6 9. d5 Qc7 10. dxe6 Qxe5 11. exf7+ Kd7 12. Bf4 Qxf4 13. Rd1+ Kc7 14. Nb5+ Kc6
15. Qe6+ Kc5 16. Rd5+ Kb4 17. Rd4+ Ka5 18. b4+ Ka4 19. Qb3# 1-0

[Event "AUTO-MASTER-1280"]
[Site "http://www.queenalice.com/game.php?id=930042"]
[Date "2011.4.25"]
[Round "2"]
[White "trompmaster"]
[Black "djpiu2"]
[Result "1-0"]
[WhiteElo "2180"]
[BlackElo "2122"]

1. d4 d5 2. Nf3 Bf5 3. c4 c6 4. cxd5 cxd5 5. Qb3 b6 6. Nc3 e6 7. Bf4 Bd6 8. Qa4+
Ke7 9. Bxd6+ Qxd6 10. Nb5 Qd8 11. Qb4+ Kf6 12. Rc1 a5 13. Qd2 Ke7 14. Qg5+ Nf6
15. Ne5 Kf8 16. Rc7 Nbd7 17. Nc6 Qe8 18. Nd6 Ne4 19. Nxe8 Nxg5 20. Nd6 Nf6 21.
h4 Ne8 22. Nxe8 Ne4 23. Rg1 Rxe8 24. g4 Bg6 25. h5 Bxh5 26. gxh5 g6 27. h6 Nd6
28. Rd7 Nf5 29. Rh1 Rc8 30. Ne5 Ne7 31. Rb7 f6 32. Nd7+ Kf7 33. Kd2 1-0

[Event "AUTO-MASTER-1280"]
[Site "http://www.queenalice.com/game.php?id=930043"]
[Date "2011.4.25"]
[Round "2"]
[White "djpiu2"]
[Black "trompmaster"]
[Result "0-1"]
[WhiteElo "2112"]
[BlackElo "2190"]

1. d4 d6 2. c4 Nf6 3. Nc3 Nbd7 4. e3 c6 5. Nf3 e5 6. g3 Be7 7. Bg2 Qc7 8. O-O
O-O 9. dxe5 dxe5 10. b3 Re8 11. Bb2 Bf8 12. Qc2 g6 13. Ne4 Bg7 14. Rad1 Nxe4 15.
Qxe4 f5 16. Qd3 e4 17. Qc2 exf3 18. Bxf3 Ne5 19. Bg2 Be6 20. Rd2 Rad8 21. Rfd1
Rxd2 22. Qxd2 Nf7 23. Bxg7 Kxg7 24. Qd4+ Qe5 25. Qxa7 Bc8 26. Qb6 Qe7 27. Kf1
Rd8 28. Rxd8 Qxd8 29. Qd4+ Qxd4 30. exd4 Nd6 31. Ke2 Kf6 32. Ke3 Bd7 33. d5 c5
0-1

[Event "AUTO-MASTER-1280"]
[Site "http://www.queenalice.com/game.php?id=930048"]
[Date "2011.4.25"]
[Round "2"]
[White "djpiu2"]
[Black "LUKK22"]
[Result "0-1"]
[WhiteElo "2058"]
[BlackElo "2432"]

1. d4 g6 2. c4 Bg7 3. Nc3 d6 4. Nf3 Nf6 5. g3 O-O 6. Bg2 c5 7. dxc5 dxc5 8. O-O
Nc6 9. Nd2 Be6 10. Qb3 Qc7 11. Nd5 Nxd5 12. cxd5 Nd4 13. Qc4 Bd7 0-1

[Event "AUTO-MASTER-1280"]
[Site "http://www.queenalice.com/game.php?id=930049"]
[Date "2011.4.25"]
[Round "2"]
[White "LUKK22"]
[Black "djpiu2"]
[Result "1-0"]
[WhiteElo "2431"]
[BlackElo "2060"]

1. g4 d5 2. Bg2 Bxg4 3. c4 c6 4. cxd5 cxd5 5. Qb3 e6 6. Qa4+ Qd7 7. Qxg4 Nf6 8.
Qf4 Bd6 9. Qg5 O-O 10. Nf3 Ne4 11. Qh5 g6 12. Qh3 Qc7 13. O-O Nc6 14. d3 1-0